[Event "Reykjavik Hrokurinn"]
[Site "Reykjavik"]
[Date "2003.02.27"]
[Round "9"]
[White "Shirov, Alexei"]
[Black "Sokolov, Ivan"]
[Result "1-0"]
[WhiteElo "2723"]
[BlackElo "2688"]
[Annotator "Wedberg,T"]
[PlyCount "139"]
[EventDate "2003.02.18"]
[EventType "tourn"]
[EventRounds "9"]
[EventCountry "ISL"]
[EventCategory "15"]
[SourceTitle "CBM 094"]
[Source "ChessBase"]
[SourceDate "2003.05.26"]
[SourceVersion "1"]
[SourceVersionDate "2003.05.26"]
[SourceQuality "1"]

{[%mdl 2]} 1. e4 e5 2. Nf3 Nc6 3. Bb5 a6 4. Ba4 Nf6 5. O-O Be7 6. Re1 b5 7. Bb3
d6 8. c3 O-O 9. h3 Bb7 10. d4 Re8 11. Ng5 Rf8 12. Nf3 Re8 13. a4 h6 14. Nbd2
Bf8 15. Bc2 Qd7 16. b3 b4 {[%mdl 8]} (16... exd4 17. cxd4 Nb4 18. Bb1 g6 19.
axb5 Qxb5 20. d5 c6 21. Bb2 Nh5 22. dxc6 Nxc6 23. Nc4 Rad8 $13 {1/2-1/2 Van
der Wiel,J-Karpov,A/Amsterdam 1991/CBM 23 (50). (49)}) 17. d5 (17. Bb2 bxc3 18.
Bxc3 exd4 19. Nxd4 d5 $132) 17... Ne7 18. c4 {A solid reaction to Sokolovs
P-sac. White usually has the better chances on the K-side in these closed
situations.} (18. cxb4 c6 {and Black gets some counterplay in the centre for
the P.}) 18... c5 19. Nf1 Kh8 {With the Q-side effetively closed both sides
starts shifting pieces towards the K-side.} 20. N3h2 Ng6 21. Ne3 Rad8 22. Nf5
Bc8 23. Qf3 Nh7 24. Bd2 Ne7 25. h4 Ng8 26. g4 g6 27. Ne3 Bg7 28. Kh1 Ne7 29.
Rg1 Rg8 30. Rg2 Rdf8 31. Rag1 Qd8 32. Nhf1 a5 33. Rh2 f6 34. Ng3 Rf7 35. Kg2 {
[%cal Yg2f1,Yd1c1,Yc1b1,Yb1a2,Yf1e1,Ye1d1] White decides to bring the K over
to the Q-side before deciding on how to open the position. Black has less
space and cannot copy White´s manouvre.} f5 $5 {The waiting game is too much
for Ivan Sokolov. He prefers an open fight and better have it now than later
with Whites K safely tucked away somwhere on the Q-side.} 36. gxf5 gxf5 37.
exf5 e4 {This cannot be good from an objective standpoint, but we have to give
Sokolov credit for trying to avoid suffocation. This is the difference between
todays chess and the games of the past. Dynamical and risky play is usually
preferred to passivity.} (37... Ng6 38. Kf1 $16) 38. Bxe4 Be5 39. Kf1 Nf6 40.
Bd3 Rfg7 {Sokolov has activated his pieces, but the price of two P:s is too
high. White is clearly better.} 41. Rhg2 $16 Qe8 42. Ne4 Rxg2 43. Rxg2 Rxg2 44.
Kxg2 Nh5 45. Kf1 Qf7 46. Ng4 Nxf5 47. Nxe5 dxe5 48. Ke1 Qg6 49. Nxc5 Kg8 50.
Be3 Qg1+ 51. Kd2 Nxe3 52. Qxe3 Qa1 53. Bc2 Qb2 54. Qd3 Nf4 55. Qe3 (55. Qh7+ {
is also good, but why complicate when the position is already winning.}) 55...
Bf5 56. Ne4 {White's two connected passed P:s will win the game.} Kf8 57. f3 h5
58. d6 Bxe4 59. Qxe4 Ke8 60. Kd1 Qa1+ 61. Bb1 Qc3 62. Qa8+ Kf7 63. Qa7+ Kg8 64.
Qh7+ Kf8 65. Qf5+ Kg7 66. Qe4 Qxb3+ 67. Bc2 Qc3 68. d7 Qa1+ 69. Bb1 Qxa4+ 70.
Ke1 (70. Ke1 Qxd7 71. Qh7+ $18) 1-0

[Event "Cappelle"]
[Site "Cappelle la Grande"]
[Date "1994.??.??"]
[Round "5"]
[White "Lanka, Zigurds"]
[Black "Lane, Gary William"]
[Result "1-0"]
[WhiteElo "2540"]
[BlackElo "2440"]
[Annotator "Wedberg,T"]
[PlyCount "71"]
[EventDate "1994.07.??"]
[EventType "tourn"]
[EventRounds "9"]
[EventCountry "FRA"]
[EventCategory "10"]
[SourceTitle "CBM 044"]
[Source "ChessBase"]
[SourceDate "1995.02.01"]
[SourceVersion "1"]
[SourceVersionDate "1995.02.01"]
[SourceQuality "1"]

1. e4 e5 2. Nf3 Nc6 3. Bb5 a6 4. Ba4 Nf6 5. O-O Be7 6. Re1 b5 7. Bb3 d6 8. c3
O-O 9. h3 Be6 10. d4 Bxb3 11. axb3 exd4 12. cxd4 Nb4 13. d5 (13. Nc3 c5 14. Bf4
c4 15. bxc4 bxc4 16. Bg5 Nd3 17. Re2 Nh5 18. Be3 f5 19. exf5 Rxf5 20. Qa4 $14 {
Ivanchuk,V-Agdestein,S/Tilburg/1989}) 13... c5 (13... Nd7 14. Bd2 Nd3 15. Re2
Bf6 16. Qc2 N3c5 17. Be3 Re8 {Judasin,L-Kuzmin,G/URS/1990} 18. b4 {+/- Judasin}
) 14. dxc6 Nxc6 (14... d5 {Gary Lane gives this move an ! in his book on the
Ruy Lopez - so why didnt he play it here?} 15. e5 Ne4 16. Nc3 Nxc3 17. bxc3
Nxc6 18. Qd3 Qd7 19. Bg5 $14 {Beljavsky,A-Kuzmin,G/Leningrad/1990}) 15. Nc3 Re8
16. Bf4 Bf8 17. Nd4 Nb4 18. Qf3 Nd7 19. Rad1 $14 Qf6 20. Nf5 Ne5 21. Qg3 Qg6
22. Re3 $1 Re6 $2 (22... Qxg3 $142 23. Rxg3 Re6 $14) 23. Qh4 $40 f6 24. Rg3 Qe8
25. Nd4 Ng6 26. Qg4 Nxf4 27. Qxf4 Re5 28. Qxf6 Ra7 29. Qf3 d5 30. Rg4 Rf7 31.
Qe2 h5 32. Rh4 dxe4 33. Rxe4 Rxe4 34. Nxe4 $16 Qe5 35. Nf3 Qe6 $4 36. Nfg5 1-0

[Event "Olympiad-36"]
[Site "Mallorca"]
[Date "2004.10.26"]
[Round "11"]
[White "Haznedaroglu, Kivanc"]
[Black "Dervishi, Erald"]
[Result "1-0"]
[WhiteElo "2394"]
[BlackElo "2502"]
[Annotator "Wedberg,T"]
[PlyCount "133"]
[EventDate "2004.10.15"]
[EventType "team-swiss"]
[EventRounds "14"]
[EventCountry "ESP"]
[SourceTitle "CBM 104"]
[Source "ChessBase"]
[SourceDate "2005.01.27"]
[SourceVersion "1"]
[SourceVersionDate "2005.01.27"]
[SourceQuality "1"]
[WhiteTeam "Turkey"]
[BlackTeam "Albania"]
[WhiteTeamCountry "TUR"]
[BlackTeamCountry "ALB"]

1. e4 e5 2. Nf3 Nc6 3. Bb5 a6 4. Ba4 Nf6 5. O-O Be7 6. Re1 b5 7. Bb3 d6 8. c3
O-O 9. h3 Bb7 10. d4 Re8 11. Nbd2 Bf8 12. a4 h6 13. d5 Nb8 14. c4 c6 15. axb5
axb5 16. Rxa8 Bxa8 17. cxb5 {Svidlers idea is up for yet another test. White
gives away the centre, but he has some nice tactics to support the decision.}
cxd5 {Black should accept the offer I think.} (17... cxb5 $6 18. Bc2 $14 {
/\Bb3,קb5}) 18. exd5 Nxd5 (18... Nbd7 $2 19. Nb1 $1 Nc5 20. Nc3 Nxb3 21. Qxb3
$16 {1-0 Svidler,P-Almasi,Z/Dortmund 1998/CBM 66/[Wedberg] (29)}) 19. Ne4 Nf6
$1 $146 {[%mdl 8] A new try to save Black in this tricky line - and a good one.
With the N on f6 there is no White attack. In the positional game Black should
do just fine.} (19... Nb4 $2 {is refuted by} 20. Bg5 $1 Qd7 (20... hxg5 21.
Nfxg5 $40) 21. Bxh6 d5 22. Bd2 Nd3 23. Nfg5 Qf5 24. Qh5 $1 (24. Re3 {1-0
Svidler,P-Grischuk,A/Panormo 2001/CBM 84 ext (30)}) 24... Nxe1 25. Nf6+ gxf6
26. Qxf7+ Kh8 27. Qxe8 fxg5 28. Bxe1 $18) 20. Nxf6+ Qxf6 21. Nh2 Nd7 (21... d5
$2 22. Bxd5 Rd8 23. Ng4 Qd6 24. Nxh6+ gxh6 25. Qg4+ Kh8 26. Bxa8 $18) 22. Ng4
Qh4 (22... Qg6 23. Bd5 Bxd5 24. Qxd5 Rb8 {is OK for Black.}) 23. Bd5 Bxd5 24.
Qxd5 h5 25. Ne3 Nf6 26. Qc6 Rb8 27. Nc4 d5 28. Qc7 $1 {Blacks rather strange
play in the last few moves is refuted by this.} (28. Nxe5 Qb4 $11) 28... Re8 (
28... Rxb5 29. Nxe5 {[%csl Rf7]}) 29. Nxe5 Re7 30. Qa5 Qd4 31. Nf3 (31. Nc6 $1
{to support a later b4 looks more to the point.}) 31... Rxe1+ 32. Qxe1 Qb6 33.
Qe2 Bc5 34. Bd2 Ne4 35. Be1 Qe6 {Its not easy improve for White given Blacks
active play.} 36. Kf1 Qf6 37. Qc2 Qf5 38. Qb3 Bb6 39. h4 Qd7 40. Qa4 Qc8 41.
Qa6 Qxa6 $2 {Black gets a P back. But all the same Black should keep the Qs on
the board and not help White with his passed P.} (41... Qd8 $142) 42. bxa6 Nc5
43. Ba5 Ba7 44. b4 Nxa6 45. Ne5 Bb8 46. b5 Nc5 47. Nc6 Nb7 48. Bb4 Bd6 49. Bxd6
Nxd6 50. b6 {White has all the advantages there are to be had. Outside passed
P and more active K.} Nb7 51. Ke2 f6 (51... Kf8 52. Ke3 Ke8 53. Kd4 Kd7 54.
Kxd5 $18) 52. Ne7+ Kf7 53. Nxd5 g5 54. Kd3 Ke6 55. Kd4 gxh4 56. Nf4+ Kf5 57.
Nxh5 Kg5 58. Ng7 Kg4 59. Ne6 f5 60. Ke5 Na5 61. Kd5 f4 62. Nd4 Nb7 63. Kc6 Na5+
64. Kc7 h3 65. gxh3+ Kxh3 66. f3 Kg3 67. b7 1-0

[Event "FIDE World Cup-D"]
[Site "Hyderabad"]
[Date "2002.10.12"]
[Round "3"]
[White "Morozevich, Alexander"]
[Black "Beliavsky, Alexander G"]
[Result "1/2-1/2"]
[WhiteElo "2707"]
[BlackElo "2650"]
[Annotator "Wedberg,T"]
[PlyCount "65"]
[EventDate "2002.10.05"]
[EventType "tourn"]
[EventRounds "5"]
[EventCountry "IND"]
[EventCategory "15"]
[SourceTitle "CBM 092"]
[Source "ChessBase"]
[SourceDate "2003.02.06"]
[SourceVersion "1"]
[SourceVersionDate "2003.02.06"]
[SourceQuality "1"]

1. e4 e5 2. Nf3 Nc6 3. Bb5 a6 4. Ba4 Nf6 5. O-O Be7 6. Re1 b5 7. Bb3 d6 8. c3
O-O 9. h3 Re8 10. d4 Bb7 11. a4 h6 12. Nbd2 Bf8 13. Bc2 exd4 14. cxd4 Nb4 15.
Bb1 c5 16. d5 Nd7 17. Ra3 f5 {The sharp way. Black plays with fire and hopes
to escape unburned..} (17... c4 {is the more positional approach, but it
doesn´t yield better results than 17....f5 for Black.}) 18. Nh2 Nf6 19. Rf3 Re5
20. Rxf5 Rxf5 21. exf5 Bxd5 22. Ng4 Ra7 $5 $146 {[%mdl 8] Black has had bad
experiences with the alternatives. White's attack on the K usually proves more
valuable than Black´s centre. Beliavsky's move is aimed at improving the
defences around the K.} (22... Bf7 23. Ne4 Nxg4 24. Qxg4 d5 25. f6 $40 {
1-0 Nijboer,F-Solleveld,M/Amsterdam 2002/CBM 89 ext (37)}) (22... Nxg4 23. hxg4
(23. Qxg4 Qg5 $5 $132 {1/2-1/2 Milton,S-Yerofeev,S/Pushkin 2001/EXT 2002 (36).
(36)}) 23... Bf7 24. Nf3 Be7 25. Qe2 Bf6 26. axb5 a5 27. Bf4 $14 {1-0
Hernandez,G-Henao,R/Sao Paulo 1992/EXT 98 (36)}) (22... Be7 23. Qe2 Nxg4 24.
hxg4 Bf6 25. axb5 axb5 26. Qxb5 $14 {1-0 Fogarasi,T-Petran,P/HUN 1992/EXT 2000
(32)}) 23. Ne4 Bxe4 24. Bxe4 Nxg4 25. Qxg4 (25. Bd5+ Nxd5 26. Qxd5+ Kh8 27.
hxg4 bxa4 28. Bd2 Qa8 $1 29. Qd3 Re7 $132) 25... d5 26. Bb1 $6 {White's attack
never takes off after this.} (26. Bf3 $5 Nd3 $8 27. Rd1 Nxc1 28. Rxc1 {[%csl
Yd5,Ye6,Gf3,Yf7,Yg6,Rg8,Yh7] opposite coloured B:s gives the attacker chances.
White has a slight pull here.}) 26... Re7 27. Rd1 (27. Re6 Rxe6 28. fxe6 Qf6
29. axb5 axb5 30. Bd2 Nc6 $13) 27... Qd6 28. Bd2 Nc6 29. axb5 axb5 30. Bf4 Qf6
31. Qf3 Nb4 32. Be3 Rd7 33. b3 (33. b3 Qc3 $5 $15) 1/2-1/2

[Event "Rishon Le Ziyyon"]
[Site "Rishon Le Ziyyon"]
[Date "1994.??.??"]
[Round "11"]
[White "Gruenfeld, Yehuda"]
[Black "Liss, Eran"]
[Result "1-0"]
[WhiteElo "2550"]
[BlackElo "2480"]
[Annotator "Wedberg,T"]
[PlyCount "79"]
[EventDate "1994.11.??"]
[EventType "tourn"]
[EventRounds "11"]
[EventCountry "ISR"]
[EventCategory "11"]
[SourceTitle "CBM 045"]
[Source "ChessBase"]
[SourceDate "1995.04.01"]
[SourceVersion "1"]
[SourceVersionDate "1995.04.01"]
[SourceQuality "1"]

1. e4 e5 2. Nf3 Nc6 3. Bb5 a6 4. Ba4 Nf6 5. O-O Be7 6. Re1 b5 7. Bb3 d6 8. c3
O-O 9. h3 Re8 10. d4 Bb7 11. a4 h6 12. Nbd2 Bf8 13. Bc2 exd4 14. cxd4 Nb4 15.
Bb1 bxa4 16. Ra3 $5 $146 (16. Rxa4 a5 17. Ra3 Ra6 18. Nh2 g6 19. f3 Qd7 (19...
Bg7 20. Nc4 Qa8 21. d5 Rd8 22. Bd2 c6 $132 {Liss,E-Shvidler,E/Tel Aviv/1991})
20. Nc4 Qb5 21. Rc3 $14 {Kasparov,G-Karpov,A/Wch New York/1990}) 16... Nd7 17.
Nh2 c5 18. d5 Ne5 (18... f5 $5) (18... g6 19. Rg3 Bg7 $13) 19. Rg3 c4 20. Nxc4
$3 Nxc4 21. Qd4 $40 Rc8 22. Ng4 $1 (22. Bxh6 Re5 23. Ng4 Kh7 $13) 22... Kh8 (
22... Kh7 $2 23. e5+ $18) 23. Nxh6 Bxd5 24. Nf5 Re5 25. Qd1 Rxf5 (25... Be6 26.
f4 Rec5 27. Qh5+ Kg8 28. Nh6+ Kh7 29. e5+ $18) 26. exf5 f6 27. Re6 $1 $16 Ne5 (
27... Bxe6 28. Qh5+ Kg8 29. fxe6 $18) 28. Bd2 a5 29. Kh2 Bb3 30. Qh5+ Kg8 31.
f4 Nf7 32. Rg4 Rc5 33. Rh4 Nh6 34. Qg6 Nxf5 (34... Kh8 35. Re8 $18) 35. Bxf5
Rxf5 36. Qxf5 Qd7 37. Qh7+ Kf7 38. Re3 Bc2 39. Qh5+ Bg6 40. Qxa5 1-0

[Event "Samba Cup 1st"]
[Site "Skanderborg"]
[Date "2003.10.12"]
[Round "3"]
[White "Sadvakasov, Darmen"]
[Black "Short, Nigel D"]
[Result "1-0"]
[WhiteElo "2595"]
[BlackElo "2701"]
[Annotator "Wedberg,T"]
[PlyCount "55"]
[EventDate "2003.10.10"]
[EventType "tourn"]
[EventRounds "9"]
[EventCountry "DEN"]
[EventCategory "16"]
[SourceTitle "CBM 098"]
[Source "ChessBase"]
[SourceDate "2004.02.03"]
[SourceVersion "1"]
[SourceVersionDate "2004.02.03"]
[SourceQuality "1"]

1. e4 e5 2. Nf3 Nc6 3. Bb5 a6 4. Ba4 Nf6 5. O-O Be7 6. Re1 b5 7. Bb3 d6 8. c3
O-O 9. h3 Re8 10. d4 Bf8 {It can be dangerous to play Bf8 when White has the
option to go Bg5.} (10... Bb7 11. a4 h6 {leads to the Zaitsev variation.}) 11.
a4 Bd7 $6 {There is something fishy about Black's move order in the opening.
Perhaps Short wanted to improvise to bring his opponent out of the books, but
the result only favours White.} (11... Na5 12. Bxf7+ Kxf7 13. axb5 Nc4 14. Qb3
d5 15. Nbd2 Kg8 16. Nxc4 dxc4 17. Qxc4+ Be6 18. d5 axb5 19. Rxa8 Qxa8 20. Qxc7
Qc8 21. Qxc8 Bxc8 $15 {0-1 Pavlovic,M-Beliavsky,A/Vrnjacka Banja 1998/CBM 67/
[Beliavsky] (46)}) 12. Bg5 $1 (12. axb5 $5 axb5 13. Rxa8 Qxa8 14. Bg5 $14)
12... Na5 13. Ba2 exd4 14. cxd4 h6 15. Bxf6 Qxf6 16. Nc3 bxa4 17. e5 $1 $16 {
Something has gone wrong for Black here. White is crashing through in the
centre and Black has no counterplay.} Qd8 18. Nxa4 Rb8 (18... Nc6 $142) 19. Qc2
$1 {[%cal Ya2b1,Yc2h7]} Qc8 20. Nc3 Nc6 21. Nd5 Kh8 (21... Nb4 22. Nf6+ gxf6
23. Qg6+ Kh8 24. Bxf7 Bg7 25. exf6 $18) 22. e6 $3 $18 {[%mdl 192]} Rxe6 (22...
fxe6 $2 23. Bb1 Kg8 24. Qh7+ Kf7 25. Bg6#) 23. Rxe6 Bxe6 (23... fxe6 24. Bb1 {
mate in a few moves.}) 24. Qxc6 Rxb2 25. Bc4 g5 26. Bxa6 Qb8 27. Nxc7 Bb3 28.
Bd3 1-0

[Event "EU-Cup 18th"]
[Site "Kallithea"]
[Date "2002.09.28"]
[Round "7.2"]
[White "Volokitin, Andrei"]
[Black "Blagojevic, Dragisa"]
[Result "1/2-1/2"]
[WhiteElo "2545"]
[BlackElo "2537"]
[Annotator "Wedberg,T"]
[PlyCount "123"]
[EventDate "2002.09.22"]
[EventType "team-swiss"]
[EventRounds "7"]
[EventCountry "GRE"]
[SourceTitle "CBM 092"]
[Source "ChessBase"]
[SourceDate "2003.02.06"]
[SourceVersion "1"]
[SourceVersionDate "2003.02.06"]
[SourceQuality "1"]
[WhiteTeam "Karpaty"]
[BlackTeam "Sarajevo Napredak"]
[WhiteTeamCountry "UKR"]
[BlackTeamCountry "BIH"]

1. e4 e5 2. Nf3 Nc6 3. Bb5 a6 4. Ba4 Nf6 5. O-O Be7 6. Re1 b5 7. Bb3 d6 8. c3
O-O 9. h3 Nd7 10. d4 Bf6 11. a4 Bb7 12. Na3 exd4 13. cxd4 Re8 14. axb5 axb5 15.
Bf4 Na5 16. Bc2 b4 17. Nb5 Nf8 $146 (17... Bc6 18. Qd3 b3 (18... Nf8 19. d5 Bd7
20. e5 $36 {1/2-1/2 Gelfand,B-Svidler,P/Biel 2000/CBM 79/[Gelfand] (33)}) (
18... g6 $142 $5 {Gelfand}) 19. Bb1 Qb8 20. Nc3 g6 21. Rc1 Nb6 22. Nd2 Bd7 23.
Ra3 $14 {1-0 Lutz,C-Smagin,S/Essen 2001/CBM 83/[Wedberg] (46). (45)}) 18. Qd2 (
18. e5 $5 {would be the real test.} dxe5 (18... Be7 19. exd6 cxd6 20. Nxd6 $1
$16) 19. dxe5 Qxd1 20. Raxd1 Bd8 21. Nfd4 $14) 18... Ne6 19. Qxb4 $6 (19. Bg3
$142) 19... c5 $132 {Black's opening idea is paying off after White's
inaccurate response.} 20. Qd2 Nc4 21. Qc3 Rxa1 22. Rxa1 Nxf4 23. Qxc4 d5 $1 $36
24. exd5 Bxd5 25. Qxc5 Bxf3 26. gxf3 Be5 $1 $40 27. dxe5 Qg5+ 28. Kf1 Qg2+ 29.
Ke1 Qg1+ 30. Kd2 Qxa1 $17 {Black is clearly better even though it's always
difficult to convert to a win with P:s on only one side.} 31. Nd6 Rf8 32. b4
Ne6 33. Qe3 Nd4 34. Be4 Qb2+ 35. Kd3 Nc2 36. Qc5 Nxb4+ 37. Ke3 Na6 38. Qc4 Qb6+
39. Kf4 Nc7 40. Kg3 Ne8 41. Nc8 Qd8 42. f4 $44 Nf6 43. Nd6 Nxe4+ 44. Qxe4 Qe7
45. f5 Rb8 46. Qd5 Kf8 $2 47. Nxf7 $1 $14 Re8 48. e6 Kg8 49. Qd7 Kf8 50. h4
Qa3+ 51. f3 Qe7 52. Ng5 h6 53. Nf7 Qf6 54. h5 Ra8 55. Qd5 Qa1 56. Qd6+ Kg8 57.
Qd2 Qg1+ 58. Qg2 Qxg2+ 59. Kxg2 Ra5 60. f4 Kf8 61. Ne5 Ra3 62. Nf3 1/2-1/2

[Event "FIDE World Cup-A"]
[Site "Hyderabad"]
[Date "2002.10.13"]
[Round "4"]
[White "Ye, Jiangchuan"]
[Black "Vescovi, Giovanni P"]
[Result "1-0"]
[WhiteElo "2667"]
[BlackElo "2614"]
[Annotator "Wedberg,T"]
[PlyCount "77"]
[EventDate "2002.10.05"]
[EventType "tourn"]
[EventRounds "5"]
[EventCountry "IND"]
[EventCategory "16"]
[SourceTitle "CBM 092"]
[Source "ChessBase"]
[SourceDate "2003.02.06"]
[SourceVersion "1"]
[SourceVersionDate "2003.02.06"]
[SourceQuality "1"]

1. e4 {Ftacnik} e5 2. Nf3 Nc6 3. Bb5 a6 4. Ba4 Nf6 5. O-O Be7 6. Re1 b5 7. Bb3
d6 8. c3 O-O 9. h3 Bb7 10. d4 Re8 11. Nbd2 Bf8 12. a4 h6 13. Bc2 exd4 14. cxd4
Nb4 15. Bb1 c5 16. d5 Nd7 17. Ra3 f5 18. Nh2 Nf6 19. Rg3 Qe7 20. Rf3 {Ftacnik:
'This variation of the Ruy Lopez is exceptionally sharp and risky for both
sides. Black grabs the center, but white will try hard to attack on the
kingside.'} (20. Nhf3 fxe4 21. Nxe4 Bxd5 22. Nxf6+ Qxf6 23. Bd2 Bf7 (23... Qxb2
$5) 24. Bc3 Rxe1+ 25. Qxe1 Qe6 26. Ne5 $40 {1-0 Topalov,V-Vescovi,G/Moscow
2001/CBM 86/[Wedberg] (31). (30)}) 20... Bxd5 (20... fxe4 {Ftacnik} 21. Nxe4
Nfxd5 22. Nf6+ Nxf6 23. Rxe7 Rxe7 $13) 21. Rxf5 Bf7 22. Rf3 (22. Ndf3 Be6 23.
g4 Bxf5 24. gxf5 Qb7 $13 {0-1 Grischuk,A-Bacrot,E/Enghien les Bains 2001/CBM
83/[Ftacnik] (56)}) 22... Nc6 (22... Bh5 {Ftacnik} 23. Ng4 Nxg4 24. hxg4 Bf7
25. Rg3 d5 26. g5 $13) 23. Rfe3 $40 {White's overweight on the K side is
obvious.} g6 (23... Qe6 {Ftacnik} 24. Nhf3 Ne5 25. Bc2 $11) 24. e5 $5 {A
typical sacrifice to open the play against the black K. Lines and diagonals
are the currencies of the position.  Ftacnik: 'Very daring move, since
objectively attacker will not get enough compensation. On the other hand
Vescovi will have to avert tactical threats and avoid any significant mistake.'
} (24. Nhf3 {Ftacnik} Bg7 $11) 24... dxe5 25. Rg3 Kh7 (25... Kg7 {Ftacnik} 26.
Nhf3 Qd8 $15) 26. Ne4 Rad8 (26... Nxe4 {Ftacnik} 27. Bxe4 Qe6 28. Qg4 $11) 27.
Qf3 Nxe4 28. Qxe4 (28. Bxe4 {Ftacnik} Nd4 29. Qh5 Rd6 $17) 28... Rd6 29. axb5
axb5 30. Nf3 Bd5 (30... c4 {Ftacnik} 31. Qg4 Qf6 $17) 31. Qg4 e4 32. Bf4 Re6 {
'?!' Ftacnik.} (32... Rf6 $5 {Ftacnik} 33. Ng5+ hxg5 34. Bxg5 Bg7 $17) 33. Bxe4
$5 {[%mdl 512] A remarkable combination.} Rxe4 $2 {Ftacnik: 'The defender
deserves full respect for the striving to win the game, but Ye will
demonstrate dangerous tactical phantasy typical for chinese players.'} (33...
Bxe4 $142 34. Rxe4 Bg7 $13 35. Be3 c4 $15 (35... Rxe4 {Ftacnik} 36. Qxg6+ Kg8
37. Qxc6 $11)) 34. Qxg6+ Kh8 35. Rxe4 Qxe4 36. Qf6+ Kh7 37. Bxh6 $3 {The
beautiful point that wins.} Bxh6 38. Ng5+ Bxg5 39. Qxg5 1-0

[Event "USA-ch"]
[Site "Key West"]
[Date "1994.??.??"]
[Round "6"]
[White "De Firmian, Nick E"]
[Black "Ivanov, Alexander"]
[Result "1/2-1/2"]
[WhiteElo "2565"]
[BlackElo "2575"]
[Annotator "Wedberg,T"]
[PlyCount "47"]
[EventDate "1994.10.??"]
[EventType "tourn"]
[EventRounds "13"]
[EventCountry "USA"]
[EventCategory "13"]
[SourceTitle "CBM 044"]
[Source "ChessBase"]
[SourceDate "1995.02.01"]
[SourceVersion "1"]
[SourceVersionDate "1995.02.01"]
[SourceQuality "1"]

1. e4 e5 2. Nf3 Nc6 3. Bb5 a6 4. Ba4 Nf6 5. O-O Be7 6. Re1 b5 7. Bb3 d6 8. c3
O-O 9. h3 Bb7 10. d4 Re8 11. a4 h6 12. Nbd2 Bf8 13. Bc2 exd4 14. cxd4 Nb4 15.
Bb1 c5 16. d5 Nd7 17. Ra3 c4 (17... f5) 18. Nd4 (18. axb5 axb5 19. Nd4 Rxa3 (
19... Qb6 20. Nf5 Ne5 (20... g6 21. Nf1 Rxa3 22. bxa3 Nxd5 23. exd5 Rxe1 24.
Qxe1 gxf5 25. Qe8 Nf6 26. Qb8 Nd7 27. Qe8 Nf6 $10 {Efimov,O/Fejgelson}) 21. Rg3
g6 22. Nf3 Ned3 23. Be3 Qd8 24. Bxh6 Qf6 25. Bxf8 Kxf8 $17 {Yang Xian-Lin Ta/
China/1988}) 20. bxa3 Nd3 21. Bxd3 cxd3 22. Re3 (22. Bb2 Qa5 23. Nf5 Ne5 $6 24.
Bxe5 dxe5 25. Nb3 Qb6 26. Qxd3 $16 {Kasparov,G-Karpov,A/London/Leningrad m/1986
}) 22... Ne5 (22... Qf6 23. Bb2 Nc5 24. Ba1 $16 {Arnason,JL-Shvidler/
Beer-Sheva/1987}) (22... Nc5 23. Bb2 Qa5 24. Rg3 {Van der Wiel-Gligoric/Palma
de Mallorca/1989} g6 25. Qh5 Bg7 26. Nf5 gxh5 27. Rxg7+ Kf8 28. Bf6 Qxd2 29.
Rh7 Qc1+ 30. Kh2 Qf4+ $10 {Van der Wiel}) 23. N4f3 (23. Nxb5 Qa5 24. Nd4 Qc3
25. N2b3 Ba6 $132 {Sax,G-Short,N/Saint John m/1988}) (23. Qb3 Ba6 24. N4f3 Qc7
25. Bb2 b4 $132 {Hübner,R-Short,N/Belfort/1988}) 23... Nc4 (23... f5 24. Nxe5
Rxe5 25. Bb2 Re7 26. exf5 Rxe3 27. fxe3 Bxd5 28. Qg4 Qc8 29. Qd4 $16 {
Glek-Harlamov/Corr/1988-89}) 24. Rxd3 Qd7 25. Nxc4 bxc4 26. Re3 $16 {
Ivanchuk-Kruppa/Frunze/1988}) 18... Qf6 {Clearly the safest move} (18... Qb6 $6
19. Nf5 $40 g6 (19... Ne5 20. Rg3 Kh7 21. Nf3 Bc8 22. Nxg7 Bxg7 23. Qd2 $18 {
Sax,G-Nikolic,P/Lugano/1987}) 20. Rg3 Kh7 21. Nf1 Ne5 22. Nxh6 $1 $40 {Rayner,
F-Sabih Kamel/Novi Sad ol/1990}) (18... Ne5 19. axb5 Qb6 20. Nxc4 $5 (20. bxa6
Rxa6 21. Nf5 Rxa3 22. bxa3 Nbd3 23. Bxd3 Nxd3 24. Re3 Ba6 25. Nxc4 Bxc4 26.
Rxd3 Bxd3 27. Qxd3 $14 {Hellers,F-Ornstein,A/Stockholm/1987}) (20. Nf5 Nbd3 21.
Bxd3 Nxd3 22. Re3 axb5 23. Raxd3 cxd3 24. Nxh6+ gxh6 25. Rg3+ Bg7 26. Nb3 $44 {
Goldin-Oll/Vilnius/1988}) 20... Nxc4 21. Rg3 Bc8 22. Bxh6 (22. b3 Ne5 23. Be3
Ng6 24. f4 Qd8 25. f5 Ne5 26. Qd2 a5 27. Bxh6 $16 {Sokolov,A-Portisch,L/
Brussels/1988}) 22... axb5 23. Nf3 Ra1 {Sax,G-Short,N/Subotica/1987} 24. b3 Ne5
25. Qd2 Ng6 26. Be3 Qa5 27. Bd4 {~/= Petran,P}) 19. N2f3 Nc5 20. axb5 axb5 21.
Ree3 (21. Nxb5 Rxa3 22. Nxa3 Ba6 23. Re3 Rb8 24. e5 (24. Rc3 Nbd3 $10 {Anand,
V-Timoshenko,G/Frunze/1987}) 24... dxe5 25. Nxe5 Ncd3 26. Ng4 Qd4 27. Nc2 Nxc2
28. Bxc2 Bd6 $13 {Dvojris-Timoshenko/URS/1988}) 21... Rxa3 22. bxa3 Nbd3 23.
Nxb5 {N} (23. Bxd3 cxd3 24. Qe1 Qf4 25. g3 Qf6 26. Bd2 Bc8 27. Kg2 Qg6 28. Nh4
Qf6 29. Bc3 $14 {De Firmian,N-Timoshenko,Gen/Moscow/1990}) 23... Rxe4 24. Rxe4
(24. Rxe4 Nxe4 25. Bxd3 cxd3 26. Qxd3 Qa1 27. Qxe4 Qxc1+ 28. Kh2 Qc5 29. a4 $13
) 1/2-1/2